Music Quiz

Random Music or Alphabet Quiz
Score 0/26 Timer 05:00
60 Plays Today
% Correct
Elvis Presley
97.1%
Adele
96.2%
Michael Jackson
96%
Frank Sinatra
94.7%
John Lennon
94.5%
Whitney Houston
94%
David Bowie
93.1%
Taylor Swift
93%
Pink
91.3%
Harry Styles
90.7%
Rihanna
90.6%
Bob Dylan
88.2%
Shakira
88%
% Correct
Gwen Stefani
87.3%
Katy Perry
82.8%
Usher
81.6%
Christina Aguilera
78.1%
Quincy Jones
77.8%
Lana Del Rey
76.1%
Xzibit
71.6%
Zac Brown
70.5%
Nelly Furtado
67.7%
Otis Redding
63.2%
Yellowman
58.5%
Vince Gill
56.2%
Isaac Hayes
53.7%

You're not logged in!

Compare scores with friends on all Sporcle quizzes.
OR
Log In

Sporcle TV

Today on Sporcle TV


Watch our educational content, quiz creation guides, and fun videos on Sporcle TV.

Show Comments

Extras

Top Quizzes Today


Score Distribution

Paid Content

Your Account Isn't Verified!

In order to create a playlist on Sporcle, you need to verify the email address you used during registration. Go to your Sporcle Settings to finish the process.

Report this User

Report this user for behavior that violates our Community Guidelines.

Details: